| 000 | 00622cam a22001935i 4500 | ||
|---|---|---|---|
| 001 | 17478034 | ||
| 005 | 20250322094959.0 | ||
| 008 | 120928s2013 nyua b 001 0 eng | ||
| 020 | _a9781461454700 (hard cover : alk. paper) | ||
| 020 | _z9781461454717 (ebook) | ||
| 050 | 0 | 0 |
_aRD531 _b.M65 2013 |
| 082 | 0 | 0 |
_a617.5/3044 _223 |
| 100 | 1 |
_aMolina, J. Ernesto, _eauthor. |
|
| 245 | 1 | 0 |
_aNew techniques for thoracic outlet syndromes / _cJ. Ernesto Molina. |
| 300 |
_axxiv, 123 pages : _billustrations (some color) ; _c24 cm |
||
| 650 | 0 |
_aThoracic outlet syndrome _xSurgery. |
|
| 650 | 0 | _aRib resection. | |
| 942 |
_2lcc _cBK _n0 |
||
| 999 |
_c5063 _d5063 |
||